[Event "FRA-ch U12"]
[Site "Vichy"]
[Date "2025.04.28"]
[Round "3"]
[White "Fan, Sizhuo1"]
[Black "Bocquenet Drouode, Hugo"]
[Result "0-1"]
[WhiteElo "1792"]
[BlackElo "2106"]
[PlyCount "64"]
[EventDate "2025.04.27"]
[EventType "swiss"]
[EventRounds "9"]
[EventCountry "FRA"]
[SourceTitle "CB19_2025"]
[SourceDate "2025.05.07"]
[SourceVersion "1"]
[SourceVersionDate "2025.05.07"]
[SourceQuality "1"]

1. e4 c5 2. Nf3 Nc6 3. c3 Nf6 4. e5 Nd5 5. Bc4 Nb6 6. Bb3 d6 7. exd6 Bf5 8. d4 exd6 9. 0-0 Be7 10. Be3 0-0 11. Bc2 Bxc2 12. Qxc2 Bf6 13. dxc5 Nd5 14. Rd1 Nxe3 15. fxe3 d5 16. e4 d4 17. Qf2 b6 18. cxd4 bxc5 19. d5 Nd4 20. Nc3 Rb8 21. Rab1 Rb4 22. Ne2 Nxf3+ 23. gxf3 Qa5 24. Kg2 Rxb2 25. Rxb2 Bxb2 26. Nc1 Ba3 27. Nb3 Qa4 28. d6 c4 29. Qd4 Bxd6 30. Rc1 Qxa2+ 31. Nd2 Bf4 32. Rd1 Qc2 0-1

[Event "FRA-ch U12"]
[Site "Vichy"]
[Date "2025.04.27"]
[Round "1"]
[White "Lim, Ethan1"]
[Black "Bocquenet Drouode, Hugo"]
[Result "0-1"]
[WhiteElo "1665"]
[BlackElo "2106"]
[PlyCount "64"]
[EventDate "2025.04.27"]
[EventType "swiss"]
[EventRounds "9"]
[EventCountry "FRA"]
[SourceTitle "CB19_2025"]
[SourceDate "2025.05.07"]
[SourceVersion "1"]
[SourceVersionDate "2025.05.07"]
[SourceQuality "1"]

1. d4 d5 2. c4 dxc4 3. e4 e5 4. d5 Nf6 5. Nc3 b5 6. Bg5 Bc5 7. Qc2 Ba6 8. Nf3 Nbd7 9. a3 h6 10. Bh4 g5 11. Bg3 Qe7 12. Be2 h5 13. h3 h4 14. Bh2 Bd4 15. Nd2 Qc5 16. 0-0 Rg8 17. Bg4 Nxg4 18. hxg4 Nf6 19. Nf3 Nxg4 20. Nxd4 exd4 21. Na2 Nxh2 22. Kxh2 Bb7 23. Rfd1 g4 24. Qd2 d3 25. Qc3 g3+ 26. Kh1 Qd6 27. f3 h3 28. b3 0-0-0 29. bxc4 Qh6 30. Qd2 hxg2+ 31. Kxg2 Qh2+ 32. Kf1 Qh1# 0-1

[Event "Wch U12"]
[Site "Montesilvano"]
[Date "2024.11.26"]
[Round "11"]
[White "Bocquenet Drouode, Hugo"]
[Black "Mai, Duc Kien"]
[Result "1/2-1/2"]
[WhiteElo "2002"]
[BlackElo "1771"]
[PlyCount "141"]
[EventDate "2024.11.15"]
[EventType "swiss"]
[EventRounds "11"]
[EventCountry "ITA"]
[SourceTitle "CB48_2024"]
[SourceDate "2024.11.28"]
[SourceVersion "1"]
[SourceVersionDate "2024.11.28"]
[SourceQuality "1"]

1. d4 Nf6 2. Nc3 d5 3. Bf4 e6 4. Nb5 Na6 5. e3 c6 6. Nc3 Bd6 7. Bxd6 Qxd6 8. Bxa6 bxa6 9. Na4 e5 10. dxe5 Qxe5 11. Nf3 Qd6 12. Qd4 0-0 13. 0-0 Bg4 14. Ne5 Bf5 15. Rac1 Rfe8 16. Nd3 Nd7 17. Nac5 Rac8 18. Nxd7 Bxd7 19. b4 a5 20. a3 axb4 21. axb4 Rc7 22. Nc5 Qe5 23. Rfd1 Qxd4 24. Rxd4 Be6 25. Ra1 Kf8 26. Ra5 Ke7 27. Rd1 h6 28. Rda1 Ra8 29. c3 Kd6 30. Nb3 Bd7 31. Rc5 g6 32. Nd4 Rb8 33. Kf1 Rbb7 34. Nb3 Rb5 35. h3 Rxc5 36. Nxc5 h5 37. Ke2 Bf5 38. Ra5 Re7 39. Nb3 Rc7 40. Nd4 Bd7 41. Ra6 Ke7 42. Nb3 c5 43. Ra5 cxb4 44. cxb4 Kd6 45. Nd4 Rb7 46. Ra6+ Ke7 47. Kf3 Rxb4 48. Rxa7 Kd6 49. Ra6+ Ke7 50. g4 hxg4+ 51. hxg4 g5 52. Rh6 Rb1 53. Rh5 Kf6 54. Rh6+ Ke7 55. Ne2 Rb4 56. Nd4 Rb1 57. Nc6+ Bxc6 58. Rxc6 Rb3 59. Ra6 d4 60. Ra5 dxe3 61. fxe3 Kf6 62. Rf5+ Kg6 63. Rd5 Rb4 64. Rd4 Rxd4 65. exd4 f5 66. gxf5+ Kxf5 67. Ke3 g4 68. d5 Ke5 69. d6 Kxd6 70. Kf4 Ke6 71. Kxg4 1/2-1/2

[Event "Wch U12"]
[Site "Montesilvano"]
[Date "2024.11.25"]
[Round "10"]
[White "Dauren, Darmen"]
[Black "Bocquenet Drouode, Hugo"]
[Result "1/2-1/2"]
[WhiteElo "1820"]
[BlackElo "2002"]
[PlyCount "131"]
[EventDate "2024.11.15"]
[EventType "swiss"]
[EventRounds "11"]
[EventCountry "ITA"]
[SourceTitle "CB48_2024"]
[SourceDate "2024.11.28"]
[SourceVersion "1"]
[SourceVersionDate "2024.11.28"]
[SourceQuality "1"]

1. d4 d5 2. Bf4 c5 3. e3 Nc6 4. Nf3 Nf6 5. Nc3 Bg4 6. Be2 e6 7. 0-0 cxd4 8. Nxd4 Bxe2 9. Qxe2 Bd6 10. Bxd6 Qxd6 11. Rfd1 0-0 12. Nf3 Qb4 13. Qb5 Rac8 14. Qxb4 Nxb4 15. a3 Na6 16. Ne5 Nc5 17. f3 Rfd8 18. Rd2 Ne8 19. Ne2 f6 20. Nd3 Nd6 21. Nxc5 Rxc5 22. Nf4 Kf7 23. Nd3 Rc7 24. c3 Nc4 25. Re2 Rd6 26. Kf2 e5 27. Rc1 a5 28. Rec2 Rb6 29. Re1 e4 30. Nf4 Rxb2 31. Rxb2 Nxb2 32. Rb1 Nd3+ 33. Nxd3 exd3 34. a4 Rxc3 35. Rxb7+ Kg6 36. Rd7 Rc5 37. Ke1 Rc2 38. Rxd5 Rxg2 39. Rxd3 Rxh2 40. Rd5 Rh5 41. Rb5 Re5 42. Kf2 Kf7 43. Rb7+ Re7 44. Rb5 Ra7 45. e4 g5 46. Kg3 Ra6 47. Rd5 Kg6 48. Rb5 h5 49. Rd5 Rb6 50. Rxa5 Rb3 51. Rf5 Ra3 52. a5 g4 53. Kh4 gxf3 54. Kg3 Ra4 55. Kxf3 Ra3+ 56. Kf4 h4 57. Rb5 h3 58. Rb2 Rxa5 59. Rh2 Ra3 60. Kg4 Ra4 61. Re2 f5+ 62. Kxh3 fxe4 63. Kg4 Rb4 64. Kf4 Ra4 65. Rxe4 Rxe4+ 66. Kxe4 1/2-1/2

[Event "Wch U12"]
[Site "Montesilvano"]
[Date "2024.11.18"]
[Round "4"]
[White "Bocquenet Drouode, Hugo"]
[Black "Ilcic, Aleksa"]
[Result "1-0"]
[WhiteElo "2002"]
[BlackElo "1757"]
[PlyCount "49"]
[EventDate "2024.11.15"]
[EventType "swiss"]
[EventRounds "11"]
[EventCountry "ITA"]
[SourceTitle "CB48_2024"]
[SourceDate "2024.11.28"]
[SourceVersion "1"]
[SourceVersionDate "2024.11.28"]
[SourceQuality "1"]

1. e4 c5 2. Nf3 Nc6 3. Bb5 g6 4. 0-0 Bg7 5. c3 e5 6. d4 exd4 7. cxd4 Nxd4 8. Nxd4 Bxd4 9. Nc3 a6 10. Bc4 Bxc3 11. bxc3 Qf6 12. e5 Qe7 13. a4 b6 14. Rb1 Bb7 15. Rxb6 Bc6 16. Re1 Qd8 17. Qb3 Bxa4 18. Bxf7+ Kf8 19. Qd5 Qxb6 20. Bxg8 Rxg8 21. Bh6+ Ke7 22. Bg5+ Kf8 23. Qxa8+ Kf7 24. Qf3+ Ke8 25. e6 1-0

[Event "EU Union-ch U14"]
[Site "Roznov pod Radhostem"]
[Date "2024.08.09"]
[Round "5"]
[White "Belocky, Daniel"]
[Black "Bocquenet Drouode, Hugo"]
[Result "0-1"]
[WhiteElo "1731"]
[BlackElo "2025"]
[PlyCount "105"]
[EventDate "2024.08.05"]
[EventType "swiss"]
[EventRounds "9"]
[EventCountry "CZE"]
[SourceTitle "EXT 2025"]
[Source "ChessBase"]
[SourceDate "2024.10.14"]
[SourceVersion "1"]
[SourceVersionDate "2024.10.14"]
[SourceQuality "1"]

1. d4 d5 2. c4 dxc4 3. e4 e5 4. d5 Nf6 5. Nc3 b5 6. f3 c6 7. dxc6 Qb6 8. Nd5 Nxd5 9. exd5 Bc5 10. Nh3 Bxh3 11. gxh3 Bf2+ 12. Ke2 0-0 13. Bg2 Na6 14. a4 Nb4 15. axb5 Nd3 16. Qa4 Qd4 17. Qc2 Qxd5 18. Ra4 Rad8 19. Rxc4 Bb6 20. c7 Nxc1+ 21. Rxc1 Rc8 22. h4 Qxb5 23. Qd3 e4 24. fxe4 Qxb2+ 25. R1c2 Qe5 26. Qg3 Qb5 27. Qd3 Qh5+ 28. Qf3 Qb5 29. Kd1 Qd7+ 30. Ke1 Rxc7 31. Rxc7 Bxc7 32. Bh3 Qe7 33. Kf1 Bb6 34. Qg4 Qf6+ 35. Kg2 Qd4 36. Re2 a5 37. e5 Qg1+ 38. Kf3 Qh1+ 39. Qg2 Qd1 40. Kg3 Rd8 41. Qf1 Qb3+ 42. Kg2 Qd5+ 43. Qf3 Qd4 44. Re1 Qxh4 45. Re2 Qd4 46. Re1 Qd2+ 47. Re2 Qc1 48. Kg3 Qg5+ 49. Qg4 Qc1 50. Qf3 Qg1+ 51. Bg2 Qd1 52. Qf1 Rd3+ 53. Bf3 0-1

[Event "EU Union-ch U14"]
[Site "Roznov pod Radhostem"]
[Date "2024.08.08"]
[Round "4"]
[White "Bocquenet Drouode, Hugo"]
[Black "Constantinoiu, Alexandru Ioan"]
[Result "1/2-1/2"]
[WhiteElo "2025"]
[BlackElo "1904"]
[PlyCount "49"]
[EventDate "2024.08.05"]
[EventType "swiss"]
[EventRounds "9"]
[EventCountry "CZE"]
[SourceTitle "EXT 2025"]
[Source "ChessBase"]
[SourceDate "2024.10.14"]
[SourceVersion "1"]
[SourceVersionDate "2024.10.14"]
[SourceQuality "1"]

1. d4 d5 2. Nf3 Nf6 3. Bf4 c5 4. e3 Nc6 5. Nbd2 Qb6 6. dxc5 Qxc5 7. c4 dxc4 8. Bxc4 e5 9. Bg3 e4 10. Nd4 Nxd4 11. exd4 Qb6 12. 0-0 Bb4 13. Be5 Bxd2 14. Qxd2 0-0 15. Qg5 h6 16. Qg3 Ng4 17. Bd6 Re8 18. Bc5 Qd8 19. f3 Ne3 20. Bxf7+ Kxf7 21. Qf4+ Nf5 22. fxe4 b6 23. Bd6 g5 24. Qg3 Rxe4 25. Qf3 1/2-1/2

[Event "EU Union-ch U14"]
[Site "Roznov pod Radhostem"]
[Date "2024.08.05"]
[Round "1"]
[White "Duchatel, Maxime"]
[Black "Bocquenet Drouode, Hugo"]
[Result "0-1"]
[WhiteElo "1682"]
[BlackElo "2025"]
[PlyCount "50"]
[EventDate "2024.08.05"]
[EventType "swiss"]
[EventRounds "9"]
[EventCountry "CZE"]
[SourceTitle "EXT 2025"]
[Source "ChessBase"]
[SourceDate "2024.10.14"]
[SourceVersion "1"]
[SourceVersionDate "2024.10.14"]
[SourceQuality "1"]

1. e4 c5 2. d4 cxd4 3. c3 dxc3 4. Nxc3 Nc6 5. Nf3 e6 6. Bc4 a6 7. 0-0 Nge7 8. Qe2 b5 9. Bb3 Bb7 10. Rd1 Ng6 11. Be3 Na5 12. Bc2 Nc4 13. b3 Nxe3 14. Qxe3 Rc8 15. Rac1 Ba3 16. Ne2 Bxc1 17. Qxc1 Bxe4 18. Rd2 Bxf3 19. gxf3 Qg5+ 20. Ng3 Nh4 21. Rd1 Nxf3+ 22. Kg2 Qxc1 23. Rxc1 Rxc2 24. Rxc2 Ne1+ 25. Kf1 Nxc2 0-1

[Event "French Blitz op"]
[Site "Saint Maur des Fosses"]
[Date "2024.06.16"]
[Round "1"]
[White "Bocquenet Drouode, Hugo"]
[Black "Bellahcene, Bilel"]
[Result "0-1"]
[WhiteElo "1983"]
[BlackElo "2544"]
[PlyCount "53"]
[EventDate "2024.06.16"]
[EventType "swiss (blitz)"]
[EventRounds "13"]
[EventCountry "FRA"]
[SourceTitle "CBM 220 Extra"]
[Source "ChessBase"]
[SourceDate "2024.07.31"]
[SourceVersion "1"]
[SourceVersionDate "2024.07.31"]
[SourceQuality "1"]

1. d4 Nf6 2. Nc3 e6 3. e4 d5 4. exd5 exd5 5. Bf4 Bb4 6. Bd3 0-0 7. a3 Bd6 8. Nge2 Bxf4 9. Nxf4 Re8+ 10. Nfe2 Bg4 11. h3 Bxe2 12. Nxe2 Qd6 13. 0-0 Nbd7 14. Ng3 g6 15. c3 Qf4 16. Qc1 Qxc1 17. Raxc1 Re6 18. Rfe1 Rae8 19. Kf1 Kf8 20. Rxe6 Rxe6 21. Re1 Rb6 22. Re2 h5 23. Ke1 h4 24. Nf1 Nh5 25. g3 Ndf6 26. b4 Nh7 27. Re3 0-1

[Event "FRA-ch U12"]
[Site "Agen"]
[Date "2024.04.20"]
[Round "8"]
[White "Nicot, Valentin"]
[Black "Bocquenet Drouode, Hugo"]
[Result "1-0"]
[WhiteElo "1989"]
[BlackElo "1974"]
[PlyCount "105"]
[EventDate "2024.04.14"]
[EventType "swiss"]
[EventRounds "9"]
[EventCountry "FRA"]
[SourceTitle "EXT 2025"]
[Source "ChessBase"]
[SourceDate "2024.10.14"]
[SourceVersion "1"]
[SourceVersionDate "2024.10.14"]
[SourceQuality "1"]

1. c4 c5 2. g3 Nf6 3. Bg2 d5 4. cxd5 Nxd5 5. Nc3 Nc7 6. Qa4+ Bd7 7. Qb3 Nc6 8. Qb4 b6 9. Qxb6 Rb8 10. Qxc6 Ne6 11. Qe4 Nd4 12. e3 Bf5 13. Qxf5 Nxf5 14. Bc6+ Qd7 15. Bxd7+ Kxd7 16. Nge2 e6 17. 0-0 h5 18. d4 cxd4 19. Nxd4 Nxd4 20. exd4 h4 21. Bf4 Bd6 22. Bxd6 Kxd6 23. b3 Rhc8 24. Rac1 hxg3 25. fxg3 f6 26. Ne4+ Kd5 27. Nc5 e5 28. dxe5 Rxc5 29. Rxc5+ Kxc5 30. exf6 gxf6 31. Rxf6 a5 32. h4 Kb4 33. Rf4+ Kc3 34. Ra4 Rb5 35. Kg2 Kd3 36. g4 Ke3 37. Kg3 Rd5 38. h5 Rd1 39. Kh4 Rd5 40. h6 Kf3 41. g5 Rd1 42. Kh5 Rh1+ 43. Kg6 Rd1 44. h7 Rd8 45. Kg7 Ra8 46. h8Q Rxh8 47. Kxh8 Ke3 48. g6 Kd3 49. g7 Kc3 50. g8Q Kb2 51. Qg2+ Kb1 52. Rh4 Kc1 53. Rh1# 1-0

[Event "FRA-ch U14"]
[Site "Agen"]
[Date "2024.04.18"]
[Round "6"]
[White "Menager, Steven"]
[Black "Bocquenet Drouode, Hugo"]
[Result "1/2-1/2"]
[WhiteElo "1800"]
[BlackElo "1974"]
[PlyCount "56"]
[EventDate "2024.04.14"]
[EventType "swiss"]
[EventRounds "9"]
[EventCountry "FRA"]
[SourceTitle "EXT 2025"]
[Source "ChessBase"]
[SourceDate "2024.10.14"]
[SourceVersion "1"]
[SourceVersionDate "2024.10.14"]
[SourceQuality "1"]

1. e4 c5 2. Nf3 Nc6 3. d4 cxd4 4. Nxd4 Nf6 5. Nc3 d6 6. Be2 e5 7. Nb3 Be7 8. Bg5 Nxe4 9. Bxe7 Nxc3 10. Bxd8 Nxd1 11. Rxd1 Kxd8 12. Rxd6+ Ke7 13. Rd2 Bf5 14. 0-0 Rac8 15. c3 b6 16. Ba6 Rcd8 17. Bb5 Rxd2 18. Nxd2 Nb8 19. Re1 Kf6 20. Nf3 a6 21. Ba4 b5 22. Bb3 Nd7 23. Rd1 Ke7 24. Re1 Kf6 25. Rd1 Ke7 26. Re1 Kf6 27. Rd1 Ke7 28. Re1 Kf6 1/2-1/2

[Event "FRA-ch U14"]
[Site "Agen"]
[Date "2024.04.14"]
[Round "1"]
[White "Bocquenet Drouode, Hugo"]
[Black "Frank, Timothee"]
[Result "1-0"]
[WhiteElo "1974"]
[BlackElo "1619"]
[PlyCount "71"]
[EventDate "2024.04.14"]
[EventType "swiss"]
[EventRounds "9"]
[EventCountry "FRA"]
[SourceTitle "EXT 2025"]
[Source "ChessBase"]
[SourceDate "2024.10.14"]
[SourceVersion "1"]
[SourceVersionDate "2024.10.14"]
[SourceQuality "1"]

1. d4 Nf6 2. Nc3 d5 3. Bf4 e6 4. Nb5 Na6 5. e3 c6 6. Nc3 Bb4 7. Bd3 Nc7 8. Nf3 Ne4 9. Bxe4 dxe4 10. Nd2 Bxc3 11. bxc3 Nd5 12. Nxe4 Qa5 13. 0-0 Nxc3 14. Nxc3 Qxc3 15. Qg4 Rg8 16. Qe2 Bd7 17. Rab1 b5 18. Rb3 Qa5 19. c4 a6 20. Rfb1 g6 21. Bd6 Qd8 22. a4 Bc8 23. c5 Bb7 24. e4 Qc8 25. Qg4 h5 26. Qg5 Qd8 27. Qe5 Qd7 28. Rf3 a5 29. d5 cxd5 30. axb5 dxe4 31. c6 Bxc6 32. bxc6 Qd8 33. Rfb3 a4 34. Rb8 a3 35. Rxd8+ Rxd8 36. c7 1-0